000 00545nam a2200169 i 4500
001 91126
003 ES-MaACL
005 20230906180640.0
007 t|
008 050127s1968 sp ||||1| spa d
100 1 _aLeoni, Francesco.
_971690
245 1 0 _aHistoria de los partidos políticos italianos /
_cFrancesco Leoni ; traducción del italiano por Luis Ruiz Hernández.
260 _aMadrid :
_bEditora Nacional,
_c1968.
300 _a419 p. ;
_c25 cm.
700 1 _aRuiz Hernández, Luis.
_9100832
852 _aES-MaACL
_jC-34540
_bR.66531
999 _c91126
_d91126